00543 2200169 4500001002100000005001500021035002000036007000300056008003900059082000700098084001300105100001500118245015700133260004600290650002300336990001400359INLIS00000000000988120260413023033 a0010-0426000219ta260413 | | |  a81 a81 RUS k0 aRUSSY YADI1 aKUALITAS PELAYANAN DALAM PEMBUATAN SURAT KETERANGAN USAHA DI KANTOR KELURAHAN BAMANG TENGAH KECAMATAN BAAMANG KABUPATEN KOTAWARINGIN TIMUR /cRUSSY YADI aPALANGKA RAYA :bPERPUSTAKAAN UMPR,c2026 4aKUALITAS PELAYANAN a238101151